Normal view
MARC view
- Depaula, Pablo Domingo
Entry Nombre Personal
001 - NUMERO DE CONTROL
- campo de control: 45445
003 - IDENTIFICADOR DE NUMERO DE CONTROL
- campo de control: UPN
005 - FECHA Y HORA DE LA ÜLTIMA TRANSACCIÓN
- campo de control: 20220801093523.0
008 - DATOS DE LONGITUD FIJA
- campo de control de longitud fija: 220801|| acn||aabn | a|a d
024 7# - OTROS IDENTIFICADORES NORMALIZADOS
- Fuente: orcid
- Número normalizado o código: 0000-0002-5610-9131
040 ## - FUENTE DE CATALOGACIÓN
- Agencia original de catalogación: MX-MxUPN
100 ## - ENCABEZAMIENTO - NOMBRE PERSONAL
- Nombre personal: Depaula, Pablo Domingo
370 ## - LUGAR ASOCIADO
- Associated country: Córdoba, Argentina
371 ## - DIRECCIÓN
- Electronic mail address: lic_pablodepaula@yahoo.com.ar
372 ## - CAMPO DE ACTIVIDAD
- Field of activity: Psicología
- Field of activity: Psicología de la emergencia
373 ## - GRUPO ASOCIADO
- Associated group: Universidad Nacional de Córdoba. Facultad de Psicología. Laboratorio de Evaluación Psicológica y Educativa
- Associated group: CONICET
- Associated group: Universidad de la Defensa Nacional
374 ## - OCUPACIÓN
- Occupation: Profesor - Investigador universitario
670 ## - FUENTE EN LA QUE SE LOCALIZARON DATOS
- Cita de la fuente: En sitio web : Google académico
- Información localizada: (Pablo Domingo Depaula)
- Uniform Resource Identifier: https://scholar.google.es/citations?user=5vbnVbEAAAAJ&hl=es
902 ## - CATALOGADOR
- Catalogador: BLSM / 010822
